000 00491nam a2200181Ia 4500
001 8955
005 20260306160648.0
008 260306t2013||||xx |||||||||||||| ||spa||
041 _aESP
082 _a372.1
_bE328 T. 1
100 _aLópez Cassà, Élia
_eAUT
245 0 _aEducación emocional en la escuela:
_bactividades para la educación infantil (3 a 5 años)
260 _c2013
300 _a111 páginas :
_c21 cm.
650 _aGEN
654 _aCED
942 _cLIB
_dJUS
_fJUS
_2ddc
_n
999 _c8955
_d8955